000 01138cam a2200241 a 4500
001 000004589
005 20200929151451.0
008 881229s1987 ec a 000 p spa
040 _aDO-SdBNP
_cDLC
_dDLC
082 _aE861.4
_bO74c
100 1 _aOrozco, José de
_q(José Clemente Orozco),
_d1883-1949.
_913386
245 1 3 _aLa conquista de Menorca :
_bpoema épico en 4 cantos /
_cJosé de Orozco; con un ensayo crítico por Alejandro Carrión.
260 _aQuito, Ecuador :
_bComisión Nacional Permanente de Conmemoraciones Cívicas.
_bCasa de la Cultura Ecuatoriana "Benjamín Carrión",
_c1987.
300 _a120 p. :
_bil. ;
_c18 cm.
490 1 _aContribución al quinto centenario del descubrimiento de América
_vno. 2
490 1 _aEncuentro de dos Mundos
_ano. 2
650 4 _aPoesía ecuatoriana
_913387
650 4 _aLiteratura ecuatoriana
_93938
700 1 _aCarrión, Alejandro
_913388
710 1 _aCasa de la Cultura Ecuatoriana "Benjamín Carrión"
_99129
830 0 _aContribución al quinto centenario del descubrimiento de América,
_pEncuentro de dos Mundos ;
_vno. 2
_913389
910 _aCatalogación por copia / LC
999 _c4397
_d4397